000 00997nam a2200301Ia 4500
001 8077
003 IT-RoPAU
008 130308s9999 xx 000 0 und d
040 _aIT-RoPAU
040 _cIT-RoPAU
041 _aITALIANO
100 _aScotese Giuseppe M.
100 _gCodice Aut. SPICS: 1402
245 _aIntroduzione al cinema (ccc)
245 _bIntroduzione al Cinema (Ccc)
250 _a1a ed.
260 _aROMA
260 _bCentro Cattolico Cinematografico
260 _c1941 [1° Ed.:1941 - Ed.Ling.Originale:1941]
300 _a"288 p. (prefazione: 8; testo: 280)"
500 _aArti Figurative Teatro Narrativa fotografia Essenza del Cinema Realtà e immagine Forma Fisica Simbolo Valori Estetici nel Film Sonoro ritmo montaggio scenografia Attore Cinema a Colori regia Cinematografica Arte e Industria
650 _aLINGUAGGIO CINEMATOGRAFICO
650 _eCodice materia Spics: 6804
942 _cBK
957 _71
999 _c71029
_d71029
999 _bSI
999 _g1